| Tag |
First Indicator |
Second Indicator |
Subfields |
| LEADER |
00000cam a22000008a 4500 |
| 001 |
in00000010237 |
| 005 |
20151006080026.0 |
| 008 |
870807s1987 ne b 00100 eng |
| 010 |
|
|
|a 87023169
|
| 020 |
|
|
|a 044442864X :
|c fl. 225.00
|
| 035 |
|
|
|a (OCoLC)16681396
|
| 035 |
|
|
|9 AAA2437AM
|
| 040 |
|
|
|a DLC
|c DLC
|d TXA
|d UtOrBLW
|
| 049 |
|
|
|a TXAM
|c [A12618905]
|
| 050 |
0 |
0 |
|a SH390.7
|b .S43 1987
|
| 082 |
0 |
|
|a 639
|2 19
|
| 245 |
0 |
0 |
|a Seaweed cultivation for renewable resources /
|c edited by K.T. Bird and P.H. Benson.
|
| 264 |
|
1 |
|a Amsterdam ;
|a New York :
|b Elsevier,
|c 1987.
|
| 300 |
|
|
|a xiii, 381 pages
|
| 336 |
|
|
|a text
|b txt
|2 rdacontent
|
| 337 |
|
|
|a unmediated
|b n
|2 rdamedia
|
| 338 |
|
|
|a volume
|b nc
|2 rdacarrier
|
| 490 |
1 |
|
|a Developments in aquaculture and fisheries science ;
|v 16
|
| 504 |
|
|
|a Includes bibliographies and index.
|
| 650 |
|
0 |
|a Marine algae culture.
|
| 700 |
1 |
|
|a Bird, K. T.
|q (Kimon T.)
|
| 700 |
1 |
|
|a Benson, P. H.
|q (Peter H.)
|
| 830 |
|
0 |
|a Developments in aquaculture and fisheries science ;
|v 16.
|
| 999 |
|
|
|a MARS
|
| 999 |
f |
f |
|s ae8a4c65-7a7a-3f7a-bbf5-635f7bb3c723
|i cf236c8c-064f-3b67-97ea-ffd15211030a
|t 0
|
| 952 |
f |
f |
|p ric
|a Texas A&M University
|b Rellis Campus
|c Joint Library Facility
|d Remote Storage
|t 0
|e SH390.7 .S43 1987
|h Library of Congress classification
|i unmediated -- volume
|m A14812618905
|
| 998 |
f |
f |
|a SH390.7 .S43 1987
|t 0
|l Remote Storage
|